Fundamentals of nursing : (Record no. 8672)

MARC details
000 -LEADER
fixed length control field 00793cam a22002412 4500
001 - CONTROL NUMBER
control field 0000018842
005 - DATE AND TIME OF LATEST TRANSACTION
control field 20151217152136.0
008 - FIXED-LENGTH DATA ELEMENTS--GENERAL INFORMATION
fixed length control field 100808s xx 000 0 eng d
020 ## - INTERNATIONAL STANDARD BOOK NUMBER
International Standard Book Number 0781744806 :
040 ## - CATALOGING SOURCE
Original cataloging agency KABU
Transcribing agency KABU
100 1# - MAIN ENTRY--PERSONAL NAME
Personal name Taylor, Carol.
-- 0000132386
245 10 - TITLE STATEMENT
Title Fundamentals of nursing :
Remainder of title the art and science of nursing care /
Statement of responsibility, etc. Carol Taylor, Carol Lillis, Priscilla LeMone.
250 ## - EDITION STATEMENT
Edition statement 5th ed.
260 ## - PUBLICATION, DISTRIBUTION, ETC. (IMPRINT)
Place of publication, distribution, etc. Philadelphia, PA :
Name of publisher, distributor, etc. Wolters Kluwer,
Date of publication, distribution, etc. 2005.
300 ## - PHYSICAL DESCRIPTION
Extent xi, 1555 p. +
Accompanying material 1 CD-ROM.
650 #0 - SUBJECT ADDED ENTRY--TOPICAL TERM
Topical term or geographic name as entry element Nursing.
-- 0000155852
650 #0 - SUBJECT ADDED ENTRY--TOPICAL TERM
Topical term or geographic name as entry element Ethics, Nursing.
-- 0000178263
700 1# - ADDED ENTRY--PERSONAL NAME
Personal name Lillis, Carol.
-- 0000178264
700 1# - ADDED ENTRY--PERSONAL NAME
Personal name LeMone, Priscilla.
-- 0000178265
852 1# - LOCATION
-- p3500 KES
908 ## - PUT COMMAND PARAMETER (RLIN)
Put command parameter 100808
950 ## - LOCAL HOLDINGS (RLIN)
-- 1
Holdings
Withdrawn status Lost status Source of classification or shelving scheme Not for loan Home library Current library Date acquired Total Checkouts Total Renewals Full call number Barcode Date last seen Date last checked out Price effective from Koha item type
    Library of Congress Classification   Kabarak, Main Campus Kabarak, Main Campus 17/12/2015 13 1 RT41 .T39 2005 c. 2 24376 10/07/2024 08/06/2024 17/12/2015 General Collection
    Library of Congress Classification   Kabarak, Main Campus Kabarak, Main Campus 17/12/2015 7 3 RT41 .T39 2005 c. 1 24377 14/02/2022 14/01/2022 17/12/2015 General Collection
Designed with assistance from East African Informatics Ltd